Allgemeinwissen - Statistiken

Allgemein
  • Dieses Quiz wurde 752 mal gespielt
  • Das Durchschnittsergebnis liegt bei 72 aus 80
Antwortstatistiken
Frage Kachel Select % Korrekt
Wähle alle Planeten aus Saturn Ja
100%
Wähle alle Planeten aus Ganymed Nein
99%
Wähle alle Planeten aus Io Nein
99%
Wähle alle Planeten aus Jupiter Ja
99%
Wähle alle Planeten aus Kallisto Nein
99%
Wähle alle Planeten aus Mars Ja
99%
Wähle alle Planeten aus Merkur Ja
99%
Wähle alle Planeten aus Titan Nein
99%
Wähle alle Planeten aus Tritron Nein
99%
Wähle alle Planeten aus Venus Ja
99%
Wähle alle Städte aus China Nein
98%
Wähle alle Städte aus Deutschland Nein
98%
Wähle alle Städte aus Düsseldorf Ja
98%
Wähle alle Planeten aus Erde Ja
98%
Wähle alle Planeten aus Europa Nein
98%
Wähle alle Städte aus Europa Nein
98%
Wähle alle Städte aus Kanada Nein
98%
Wähle alle Städte aus Köln Ja
98%
Wähle alle Städte aus Kopenhagen Ja
98%
Wähle alle Städte aus Mars Nein
98%
Wähle alle chemischen Elemente aus Mehl Nein
98%
Wähle alle Städte aus München Ja
98%
Wähle alle Planeten aus Neptun Ja
98%
Wähle alle Planeten aus Uranus Ja
98%
Wähle alle deutschen Wörter aus воды Nein
97%
Wähle alle deutschen Wörter aus agua Nein
97%
Wähle alle Städte aus Berlin Ja
97%
Wähle alle Städte aus Bremen Ja
97%
Wähle alle chemischen Elemente aus Coffein Nein
97%
Wähle alle deutschen Wörter aus Gesetz Ja
97%
Wähle alle Städte aus Hamburg Ja
97%
Wähle alle deutschen Wörter aus Luftwiderstand Ja
97%
Wähle alle Städte aus Paris Ja
97%
Wähle alle Städte aus Polen Nein
97%
Wähle alle Städte aus Prag Ja
97%
Wähle alle deutschen Wörter aus vann Nein
97%
Wähle alle deutschen Wörter aus water Nein
97%
Wähle alle deutschen Wörter aus woda Nein
97%
Wähle alle deutschen Wörter aus Drehmoment Ja
96%
Wähle alle deutschen Wörter aus Feldstärke Ja
96%
Wähle alle Städte aus New York City Ja
96%
Wähle alle deutschen Wörter aus vatten Nein
96%
Wähle alle chemischen Elemente aus Feuer Nein
95%
Wähle alle deutschen Wörter aus Gravitationskraft Ja
95%
Wähle alle deutschen Wörter aus Trägheitsmoment Ja
95%
Wähle alle chemischen Elemente aus Wasserstoff Ja
95%
Wähle alle deutschen Wörter aus Zentralkraft Ja
95%
Wähle alle chemischen Elemente aus Schwefel Ja
94%
Wähle alle chemischen Elemente aus Glucose Nein
92%
Wähle alle Primzahlen aus 10 Nein
90%
Wähle alle Planeten aus Mond Nein
90%
Wähle alle Primzahlen aus 12 Nein
89%
Wähle alle Primzahlen aus 14 Nein
89%
Wähle alle Primzahlen aus 16 Nein
89%
Wähle alle Primzahlen aus 4 Nein
89%
Wähle alle deutschen Wörter aus 5 Nein
89%
Wähle alle Primzahlen aus 6 Nein
89%
Wähle alle Primzahlen aus 8 Nein
89%
Wähle alle deutschen Wörter aus Drehimpuls Ja
89%
Wähle alle chemischen Elemente aus Acetylsalicylsäure Nein
88%
Wähle alle chemischen Elemente aus Fluor Ja
88%
Wähle alle Primzahlen aus 15 Nein
87%
Wähle alle chemischen Elemente aus Berylium Ja
86%
Wähle alle Planeten aus Sonne Nein
86%
Wähle alle Primzahlen aus 7 Ja
85%
Wähle alle Primzahlen aus 11 Ja
83%
Wähle alle Primzahlen aus 13 Ja
83%
Wähle alle Primzahlen aus 9 Nein
83%
Wähle alle chemischen Elemente aus Wasser Nein
82%
Wähle alle Primzahlen aus 3 Ja
81%
Wähle alle chemischen Elemente aus Thallium Ja
81%
Wähle alle Primzahlen aus 5 Ja
75%
Wähle alle chemischen Elemente aus Indium Ja
67%
Wähle alle chemischen Elemente aus Mangan Ja
66%
Wähle alle deutschen Wörter aus Corioloskraft Ja
63%
Wähle alle chemischen Elemente aus Fermium Ja
60%
Wähle alle Primzahlen aus 2 Ja
55%
Wähle alle chemischen Elemente aus Krypton Ja
52%
Wähle alle chemischen Elemente aus Gadolinium Ja
44%
Wähle alle Primzahlen aus 1 Nein
39%
Keine übereinstimmenden Quizze gefunden
Verteilung der Resultate
Anzahl Personen mit jedem Resultat
Perzentil nach korrekt beantworteten Fragen
Ihre Resultats-Entwicklung
Sie haben dieses Quiz noch nicht gespielt